[Event "SC-2020-0-00398"]
[Site "LSS email"]
[Date "2020.12.15"]
[Round "?"]
[White "Nowak, Andrzej"]
[Black "Schulz, Hans Juergen"]
[Result "0-1"]
[WhiteElo "1626"]
[BlackElo "1706"]
[PlyCount "48"]
[EventDate "2020.09.09"]
[EventType "tourn (corr)"]
[EventRounds "6"]
[EventCountry "GER"]
[SourceTitle "Corr 2024"]
[Source "ChessBase"]
[SourceDate "2023.10.19"]
[SourceVersion "1"]
[SourceVersionDate "2023.10.19"]
[SourceQuality "1"]

1. e4 c5 2. Nf3 d6 3. d4 cxd4 4. Nxd4 Nf6 5. Nc3 Nc6 6. Bg5 e6 7. Qd2 a6 8. Be2 Be7 9. 0-0-0 0-0 10. f4 Bd7 11. Nf3 Qa5 12. Kb1 Rfd8 13. Bd3 h6 14. Bh4 b5 15. Qe1 b4 16. Ne2 Ng4 17. Ned4 Bxh4 18. Qxh4 Nxd4 19. Qxg4 Nb5 20. Ka1 Rab8 21. Qg3 Nc3 22. bxc3 bxc3 23. Qe1 Qa3 24. Rb1 Rb2 0-1

[Event "SC-2020-0-00398"]
[Site "LSS email"]
[Date "2020.11.16"]
[Round "?"]
[White "Schulz, Hans Juergen"]
[Black "Correa de Almeida, Claudio"]
[Result "1-0"]
[WhiteElo "1706"]
[BlackElo "1551"]
[PlyCount "73"]
[EventDate "2020.09.09"]
[EventType "tourn (corr)"]
[EventRounds "6"]
[EventCountry "GER"]
[SourceTitle "Corr 2024"]
[Source "ChessBase"]
[SourceDate "2023.10.19"]
[SourceVersion "1"]
[SourceVersionDate "2023.10.19"]
[SourceQuality "1"]

1. e4 c5 2. Nf3 d6 3. d4 cxd4 4. Nxd4 Nf6 5. Nc3 a6 6. Bg5 e6 7. f4 Be7 8. Qf3 Qc7 9. 0-0-0 Nbd7 10. Bd3 h6 11. Bh4 g5 12. fxg5 Ne5 13. Qe2 Nfg4 14. Nf3 hxg5 15. Bg3 b5 16. h3 Nxd3+ 17. Rxd3 Ne5 18. Nxe5 dxe5 19. Nd1 Bb7 20. Rf1 f6 21. Nf2 Qc4 22. b3 Qc6 23. Kb1 Rd8 24. Re3 Bb4 25. Qf3 Rd2 26. Rc1 0-0 27. Ng4 Be7 28. h4 Qc5 29. Be1 Rd4 30. Qe2 Qc7 31. hxg5 fxg5 32. Bc3 Bd8 33. Rh3 Rf4 34. Bxd4 exd4 35. g3 Rxe4 36. Qh2 Qg7 37. Rh1 1-0

[Event "LSS No Engine Cup 197 Final"]
[Site "LSS email"]
[Date "2020.10.07"]
[Round "?"]
[White "Nowak, Andrzej"]
[Black "Schulz, Hans Juergen"]
[Result "1-0"]
[WhiteElo "2021"]
[BlackElo "1848"]
[PlyCount "79"]
[EventDate "2020.10.07"]
[EventType "tourn (corr)"]
[EventRounds "6"]
[EventCountry "GER"]
[SourceTitle "Corr 2022"]
[Source "ChessBase"]
[SourceDate "2021.10.24"]
[SourceVersion "1"]
[SourceVersionDate "2021.10.24"]
[SourceQuality "1"]

1. e4 e5 2. Nf3 Nc6 3. Bb5 a6 4. Ba4 Nf6 5. 0-0 Be7 6. d3 b5 7. Bb3 Bb7 8. Re1 0-0 9. Bd2 a5 10. a3 b4 11. c3 Bd6 12. Bc4 bxc3 13. Nxc3 Ba6 14. Nd5 Bxc4 15. dxc4 h6 16. Rc1 Re8 17. c5 Bf8 18. Qa4 Nh7 19. Qc4 a4 20. Red1 Qb8 21. Rb1 Ra7 22. Be3 Qb3 23. Qxb3 axb3 24. g3 g5 25. Rbc1 Bg7 26. h4 g4 27. Nd2 Rb8 28. Rf1 f5 29. exf5 e4 30. Rb1 Rf8 31. Rfd1 Rxf5 32. Nxb3 Nf8 33. Nc1 Ne6 34. Ne2 Kf8 35. Ndc3 Ra6 36. Rxd7 Ne5 37. Rd5 c6 38. Rd6 Nf3+ 39. Kg2 Nxc5 40. b4 1-0

[Event "LSS No Engine Cup 197 Final"]
[Site "LSS email"]
[Date "2020.10.07"]
[Round "?"]
[White "Varas, Pablo"]
[Black "Schulz, Hans Juergen"]
[Result "1-0"]
[WhiteElo "1892"]
[BlackElo "1848"]
[PlyCount "53"]
[EventDate "2020.10.07"]
[EventType "tourn (corr)"]
[EventRounds "6"]
[EventCountry "GER"]
[SourceTitle "Corr 2022"]
[Source "ChessBase"]
[SourceDate "2021.10.24"]
[SourceVersion "1"]
[SourceVersionDate "2021.10.24"]
[SourceQuality "1"]

1. d4 Nf6 2. c4 e6 3. Nc3 Bb4 4. e3 c5 5. Bd3 0-0 6. Nf3 d5 7. cxd5 exd5 8. dxc5 Nbd7 9. Bd2 Ba5 10. Na4 Ne4 11. b4 Bc7 12. Rc1 Qe7 13. Nc3 Ne5 14. Nxe5 Qxe5 15. f4 Qe6 16. 0-0 Re8 17. Nxe4 dxe4 18. Bc4 Qg6 19. Bc3 a6 20. Qb3 Bf5 21. Bd5 Rab8 22. a4 b5 23. Ra1 Bd7 24. axb5 Bxb5 25. Bc4 Rbd8 26. Bxb5 axb5 27. Rfd1 1-0

[Event "SC-2020-0-00390"]
[Site "LSS email"]
[Date "2020.05.29"]
[Round "?"]
[White "Schulz, Hans Juergen"]
[Black "Langheld, Werner"]
[Result "1-0"]
[WhiteElo "1704"]
[BlackElo "1714"]
[PlyCount "43"]
[EventDate "2020.02.24"]
[EventType "tourn (corr)"]
[EventRounds "6"]
[EventCountry "GER"]
[SourceTitle "Corr 2022"]
[Source "ChessBase"]
[SourceDate "2021.10.24"]
[SourceVersion "1"]
[SourceVersionDate "2021.10.24"]
[SourceQuality "1"]

1. e4 e5 2. Nf3 Nc6 3. Bb5 f5 4. Nc3 fxe4 5. Nxe4 Nf6 6. Nxf6+ Qxf6 7. 0-0 Be7 8. d3 Nd4 9. Nxd4 exd4 10. Qh5+ g6 11. Qh6 c6 12. Ba4 Kf7 13. Bb3+ d5 14. Re1 Bf5 15. Bd2 a5 16. Rxe7+ Qxe7 17. Re1 Qf8 18. Qf4 Qb8 19. Qxd4 Re8 20. Rxe8 Qxe8 21. c4 Qe7 22. cxd5 1-0

[Event "LSS No Engine Cup 197 Preliminary 0"]
[Site "LSS email"]
[Date "2020.01.19"]
[Round "?"]
[White "Csoma, Robert"]
[Black "Schulz, Hans Juergen"]
[Result "0-1"]
[WhiteElo "1454"]
[BlackElo "1675"]
[PlyCount "22"]
[EventDate "2020.01.19"]
[EventType "tourn (corr)"]
[EventRounds "6"]
[EventCountry "GER"]
[SourceTitle "Corr 2022"]
[Source "ChessBase"]
[SourceDate "2021.10.24"]
[SourceVersion "1"]
[SourceVersionDate "2021.10.24"]
[SourceQuality "1"]

1. e4 e5 2. Nf3 Nc6 3. d4 exd4 4. Nxd4 Bc5 5. Be3 Qf6 6. c3 Nge7 7. Be2 d5 8. Nd2 Bxd4 9. cxd4 Nxd4 10. 0-0 Nxe2+ 11. Qxe2 d4 0-1

[Event "WC-2019-S-00008"]
[Site "LSS email"]
[Date "2019.08.28"]
[Round "?"]
[White "Schulz, Hans Juergen"]
[Black "Henke, Simon"]
[Result "1/2-1/2"]
[WhiteElo "1754"]
[BlackElo "1592"]
[PlyCount "66"]
[EventDate "2019.09.01"]
[EventType "tourn (corr)"]
[EventRounds "12"]
[EventCountry "GER"]
[SourceTitle "Corr 2024"]
[Source "ChessBase"]
[SourceDate "2023.10.19"]
[SourceVersion "1"]
[SourceVersionDate "2023.10.19"]
[SourceQuality "1"]

1. e4 d6 2. d4 Nf6 3. Nc3 Nbd7 4. Nf3 e5 5. Bc4 Be7 6. 0-0 exd4 7. Nxd4 0-0 8. Qe2 c6 9. Bg5 Re8 10. Rfe1 Bf8 11. Qd1 h6 12. Bh4 Ne5 13. Bb3 Bd7 14. a3 b5 15. Nf3 Bg4 16. Nxe5 Bxd1 17. Nxf7 Qc7 18. Nxd6+ Kh7 19. Nxe8 Rxe8 20. Raxd1 Bd6 21. Bxf6 Bxh2+ 22. Kh1 gxf6 23. g3 Bxg3 24. fxg3 Qxg3 25. Re2 Re7 26. Rg2 Qh3+ 27. Kg1 Qe3+ 28. Kh2 Qf4+ 29. Kh1 h5 30. Bg8+ Kh6 31. Rdg1 Qh4+ 32. Rh2 Qf4 33. Rhg2 Qh4+ 1/2-1/2

[Event "Hamburg-ch Seniors 65+"]
[Site "Hamburg"]
[Date "2018.11.04"]
[Round "5"]
[White "Wagner, Wolfgang"]
[Black "Schulz, Hans Juergen"]
[Result "0-1"]
[WhiteElo "1649"]
[BlackElo "1794"]
[PlyCount "42"]
[EventDate "2018.10.31"]
[EventType "swiss"]
[EventRounds "9"]
[EventCountry "GER"]
[SourceTitle "CBM 189 Extra"]
[Source "ChessBase"]
[SourceDate "2019.06.03"]
[SourceVersion "1"]
[SourceVersionDate "2019.06.03"]
[SourceQuality "1"]

1. e4 e5 2. Nf3 Nc6 3. Bb5 a6 4. Bxc6 dxc6 5. 0-0 Bg4 6. h3 Bh5 7. d3 Bd6 8. b3 Qe7 9. Bb2 0-0-0 10. Nbd2 g5 11. g4 Bg6 12. Nc4 f6 13. a4 h5 14. Nh2 Bc5 15. Kg2 Bxe4+ 16. f3 Bd5 17. Nd2 Qh7 18. Ne4 hxg4 19. Kh1 Bxe4 20. fxe4 Qxh3 21. Qe2 g3 0-1

[Event "Hamburg-ch Seniors 50+"]
[Site "Hamburg"]
[Date "2018.10.27"]
[Round "6"]
[White "Klawitter, Bernd"]
[Black "Schulz, Hans Juergen"]
[Result "0-1"]
[WhiteElo "1604"]
[BlackElo "1870"]
[PlyCount "74"]
[EventDate "2018.10.23"]
[EventType "swiss"]
[EventRounds "7"]
[EventCountry "GER"]
[SourceTitle "CBM 190 Extra"]
[Source "ChessBase"]
[SourceDate "2019.07.15"]
[SourceVersion "1"]
[SourceVersionDate "2019.07.15"]
[SourceQuality "1"]

1. e4 e5 2. d4 exd4 3. Qxd4 Nc6 4. Qd1 Bc5 5. c3 d6 6. Bc4 Ne5 7. Be2 Qh4 8. g3 Qxe4 9. f3 Qc6 10. a4 a6 11. b4 Bxg1 12. Rxg1 Qd7 13. h4 Qe6 14. Kf2 Nf6 15. Be3 Bd7 16. Nd2 0-0 17. Qf1 Rae8 18. Bd4 Nc6 19. Bxf6 Qxf6 20. Rc1 Re7 21. Kg2 Bh3+ 22. Kxh3 Qe6+ 23. g4 Qxe2 24. Qxe2 Rxe2 25. Rg2 Rfe8 26. Rxe2 Rxe2 27. Nf1 Ne5 28. Nh2 Kf8 29. c4 Nd3 30. Rb1 Rb2 31. Rxb2 Nxb2 32. f4 Nxc4 33. Nf3 Nb2 34. a5 Nd3 35. Ng5 b6 36. Ne4 Nxf4+ 37. Kg3 Nd5 0-1

[Event "Blankenese op 2nd"]
[Site "Hamburg"]
[Date "2018.10.02"]
[Round "6.20"]
[White "Helmer, Jan"]
[Black "Schulz, Hans Juergen"]
[Result "1-0"]
[WhiteElo "1826"]
[BlackElo "1794"]
[PlyCount "47"]
[EventDate "2018.09.29"]
[EventType "swiss"]
[EventRounds "7"]
[EventCountry "GER"]
[SourceTitle "EXT 2020"]
[Source "ChessBase"]
[SourceDate "2019.10.17"]
[SourceVersion "1"]
[SourceVersionDate "2019.10.17"]
[SourceQuality "1"]

1. d4 d5 2. c4 e6 3. Nf3 c5 4. e3 Nf6 5. Nc3 Nc6 6. cxd5 exd5 7. dxc5 Bxc5 8. Be2 0-0 9. 0-0 Be6 10. a3 a5 11. b3 Qe7 12. Bb2 Rfd8 13. Nb5 Rac8 14. Nfd4 Bb6 15. Bd3 Bg4 16. Qe1 Qd7 17. f3 Ne5 18. Bb1 Be6 19. f4 Nc6 20. f5 Nxd4 21. Nxd4 Bc7 22. fxe6 fxe6 23. Qh4 Be5 24. Bd3 1-0

[Event "Blankenese op 2nd"]
[Site "Hamburg"]
[Date "2018.09.29"]
[Round "1.10"]
[White "Schulz, Hans Juergen"]
[Black "Andersen, Jens Knud"]
[Result "1/2-1/2"]
[WhiteElo "1794"]
[BlackElo "2160"]
[PlyCount "62"]
[EventDate "2018.09.29"]
[EventType "swiss"]
[EventRounds "7"]
[EventCountry "GER"]
[SourceTitle "EXT 2020"]
[Source "ChessBase"]
[SourceDate "2019.10.17"]
[SourceVersion "1"]
[SourceVersionDate "2019.10.17"]
[SourceQuality "1"]

1. e4 e6 2. Nf3 d5 3. e5 c5 4. b4 c4 5. c3 a5 6. b5 a4 7. d3 cxd3 8. Bxd3 Bc5 9. 0-0 Ne7 10. Qe2 Nd7 11. Na3 Nb6 12. Nc2 Bd7 13. Ncd4 Qc7 14. Rb1 h6 15. h3 g5 16. Re1 Ng6 17. Bd2 Be7 18. Bxg6 fxg6 19. Qd3 Kf7 20. Nh2 Nc4 21. f4 Nxd2 22. Qxd2 Rac8 23. Rbc1 Qb6 24. fxg5 Bxg5 25. Qf2+ Ke8 26. Rcd1 Rxc3 27. Ng4 Rf8 28. Nf6+ Bxf6 29. exf6 Kf7 30. Kh1 Qd6 31. Qd2 Rg3 1/2-1/2

[Event "CP-2018-P-00024"]
[Site "LSS email"]
[Date "2018.09.27"]
[Round "?"]
[White "Cornel, Matei"]
[Black "Schulz, Hans Juergen"]
[Result "1-0"]
[WhiteElo "2414"]
[BlackElo "1808"]
[PlyCount "103"]
[EventDate "2018.10.01"]
[EventType "tourn (corr)"]
[EventRounds "6"]
[EventCountry "GER"]
[SourceTitle "Corr 2022"]
[Source "ChessBase"]
[SourceDate "2021.10.24"]
[SourceVersion "1"]
[SourceVersionDate "2021.10.24"]
[SourceQuality "1"]

1. e4 c5 2. d4 cxd4 3. Nf3 d6 4. Nxd4 Nf6 5. Nc3 a6 6. Be3 e5 7. Nb3 Be7 8. f3 Be6 9. Qd2 0-0 10. 0-0-0 Nbd7 11. g4 b5 12. g5 b4 13. gxf6 bxc3 14. Qxc3 Nxf6 15. Na5 Qd7 16. Nc6 Rac8 17. Nxe7+ Qxe7 18. Qa5 Rc6 19. Kb1 Nh5 20. Rg1 Rfc8 21. Rg2 Kh8 22. Rgd2 h6 23. b3 Qf6 24. Rf2 Nf4 25. c4 Ng6 26. Bc1 Rb8 27. Qa4 Bd7 28. Be3 Rbc8 29. Qb4 Kh7 30. Bc1 Be6 31. Ba3 R8c7 32. Rxd6 Rxd6 33. Qxd6 Rd7 34. Qb6 Nf4 35. Qe3 Bh3 36. Bxh3 Nxh3 37. Rc2 Nf4 38. c5 Rd3 39. Qf2 Qc6 40. Qf1 Rd7 41. Bc1 Ne6 42. Be3 Nd4 43. Bxd4 Rxd4 44. Qe1 Rd3 45. Qa5 Rd7 46. Qb6 Qc8 47. c6 Rc7 48. b4 Kg8 49. a4 Qd8 50. Qxa6 Qd1+ 51. Kb2 Qd4+ 52. Kb3 1-0

[Event "CP-2018-P-00024"]
[Site "LSS email"]
[Date "2018.09.27"]
[Round "?"]
[White "Schulz, Hans Juergen"]
[Black "Mesquita, Fausto Monteiro Jr"]
[Result "0-1"]
[WhiteElo "1808"]
[BlackElo "2146"]
[PlyCount "102"]
[EventDate "2018.10.01"]
[EventType "tourn (corr)"]
[EventRounds "6"]
[EventCountry "GER"]
[SourceTitle "Corr 2022"]
[Source "ChessBase"]
[SourceDate "2021.10.24"]
[SourceVersion "1"]
[SourceVersionDate "2021.10.24"]
[SourceQuality "1"]

1. e4 c5 2. Nf3 d6 3. d4 cxd4 4. Nxd4 Nf6 5. Nc3 a6 6. Be3 e5 7. Nb3 Be7 8. f3 Be6 9. Qd2 0-0 10. 0-0-0 Nbd7 11. g4 b5 12. g5 Nh5 13. Nd5 Bxd5 14. exd5 f6 15. gxf6 Bxf6 16. Na5 Nf4 17. Nc6 Qc7 18. c4 Nb8 19. Qa5 Qb7 20. cxb5 axb5 21. Qxb5 Qxb5 22. Bxb5 Rxa2 23. Kb1 Ra8 24. Bxf4 exf4 25. Rhe1 Nd7 26. Re4 Nc5 27. Rxf4 Rfe8 28. Rg1 Kh8 29. Rb4 g6 30. Kc2 Re3 31. Rf1 Kg8 32. Bc4 Rae8 33. h3 Kg7 34. Na5 h5 35. Nc6 Kh6 36. Rb5 Na4 37. Na5 h4 38. Rb4 Nxb2 39. Rxb2 Bxb2 40. Kxb2 Rf8 41. Nb7 Rb8 42. Ba6 Kg7 43. Rc1 Rxf3 44. Rc3 Rf7 45. Rb3 Rf2+ 46. Kc1 g5 47. Ra3 Ra8 48. Ra4 Kf8 49. Nxd6 g4 50. Ne4 Rf4 51. Kd2 gxh3 0-1